Quiz sur SGM Nantes - Statistiques

Statistiques générales
  • Ce quiz a été pris 30 fois
  • Le résultat moyen est 9 sur 15
Statistiques - réponses
Indice Réponse % Correct
Le VRAI grand patron Alain Sarda
100%
Durée de vie en SGM Gaël Colomines
92%
Double face François Bastianelli
83%
Regardez dans le poly Yannick Ollivier
83%
Problème de sang froid Nadine Allanic
83%
Pas trop le fils de son père, un peu mais pas trop quand même. Fin on sait pas trop quoi. Mathieu Ollivier
75%
Le castor du barrage Florence Gauthier
58%
Moustachu poillu Julien Grison
58%
Le grand patron Yves Berreaux
58%
Chauve Jean-Michel Mariet
50%
Hezobollah Joel Zgheib
50%
Sexy des îles Fernando Pascual Goce
42%
C'est pas mon poly Aymen Hayadi
33%
Je travaille jamais La dame du CROUS
25%
Podcast de sorcière Elisabeth Ropartz
17%
Aucun quiz correspondant
Distribution des résultats
% des personnes avec chaque résultat
Percentile par nombre de réponses
Votre historique - résultats
Vous n’avez pas pris ce quiz